00455nam a22001697a 450000500170000000800410001702000180005804000130007608200170008910000240010624500530013026000310018330000150021465000170022965000180024665000210026420211111095528.0211111b ||||| |||| 00| 0 eng d a9789381714775 cPK-LaUMT a615.1bDAN-E aDanielson, Jennifer aEssentials pharmacology /cby Jennifer Danielson aNew Delhi :bMedtec,c2014 a414 p.eCD aPharmacology aImmune system aSkeletal systems